Personnages Aléatoires de Monsieur (Monsieur Madame) - Statistiques

Statistiques générales
  • Ce quiz a été pris 43 fois
  • Le résultat moyen est 6 sur 12
Statistiques - réponses
Par images Réponse % Correct
M. Grand
100%
M. Petit
90%
M. Bavard
88%
M. À L'Envers
83%
M. Costaud
83%
M. Malchance
83%
M. Neige
78%
M. Endormi
75%
M. Rigolo
75%
M. Parfait
73%
M. Pressé
73%
M. Glouton
71%
M. Chatouille
67%
M. Sale
67%
M. Peureux
63%
M. Grincheux
60%
M. Anniversaire
57%
M. Rêve
57%
M. Bagarreur
56%
M. Farceur
56%
M. Avare
50%
M. Bruit
50%
M. Heureux
50%
M. Joyeux
50%
M. Maigre
50%
M. Nigaud
50%
M. Noël
50%
M. Rapide
50%
M. Farfelu
43%
M. Malpoli
43%
M. Méli-Mélo
43%
M. Bizarre
40%
M. Inquiet
40%
M. Mal-élevé
40%
M. Atchoum
38%
M. Étonnant
33%
M. Incroyable
33%
M. Maladroit
33%
M. Tranquille
33%
M. Curieux
29%
M. Malin
29%
M. Non
29%
M. Grognon
25%
M. Tatillon
25%
M. Lent
17%
M. Aventure
14%
M. Personne
14%
M. Bing
13%
M. Formidable
10%
M. Courageux
0%
M. Étourdi
0%
M. Génial
0%
M. Gentil
0%
M. Silence
0%
Aucun quiz correspondant
Distribution des résultats
% des personnes avec chaque résultat
Percentile par nombre de réponses
Votre historique - résultats
Vous n’avez pas pris ce quiz